000 00447nam a2200133Ia 4500
003 GCL
008 140319s9999 xx 000 0 ara d
040 _aGCL /
_cGCL
082 0 4 _a581.972
_bع ع
100 1 _aعبدالسلام محمد النويهى
245 1 0 _aعلم النبات عند العرب /
_cعبدالسلام محمد النويهى
300 _a340 ص
490 _aموسوعة الحضارة العربية الاسلامية
_v0
999 _c48280
_d48280